| 000 | 00924nam a2200277Ia 4500 | ||
|---|---|---|---|
| 001 | Para_1122 | ||
| 003 | CHAP | ||
| 008 | 220125s1996 xx 000 0 und d | ||
| 010 | _a199776 | ||
| 040 | _cCHAP | ||
| 090 | _aPA TESIS 1088 | ||
| 100 |
_aHernández Mendieta, Ernesto _954329 |
||
| 245 |
_aIdentificación del agente causal de la pudrición blanca del manzano por medio de la detección de fenol-oxidasas / _c por Ernesto Hernández Mendieta |
||
| 260 |
_aChapingo, Méx. : _b El autor |
||
| 300 | _a69 h. | ||
| 502 | _aTesis (M.C. en Protección Vegetal), UACh. Depto. Parasitología | ||
| 650 |
_aManzana _x enfermedades por hongos _970765 |
||
| 710 |
_aUACh. Departamento Parasitología Agrícola _9164025 |
||
| 901 | _aPA TESIS 1088 | ||
| 902 | _aA | ||
| 905 | _a0000001996 a 0000000000 00 | ||
| 910 | _a1996 | ||
| 942 | _cPARA | ||
| 942 |
_cPARA _d1 |
||
| 999 |
_c199776 _d199776 |
||